LEADER 00948nam a2200217 i 4500 001 000000134812 003 CaOOAMICUS 005 20080731000000.0 008 080731s1915 it u000 u ita u 013 $a108021 040 $aSeMil$bita 100 1 $aVatti, Aristodemo.$0(OLS)http://semarc/name/55117 245 13$aLe meraviglie dell'arte nella R. Galleria degli Uffizi di Firenze [vol. 1.] /$cAristodemo Vatti. 260 $aFirenze :$bLibreria Salesiana,$c1915?. 500 $aCATALOGAZIONE DA SCHEDARIO CARTACEO. 650 4$aFirenze - Gallerie degli Uffizi.$0(OLS)http://semarc/subject/23627 850 $aSeMil 852 $aSeMil$W1$xVenegono$y1$m5L V 23$j88522$B88522$CSeMilBibl$Z2$F135755 $82 961 $aSmarrito al 2018-08-30 996 $6245$aLe meraviglie dell'arte nella R. Galleria degli Uffizi di Firenze [vol. 1.]$9(OLS)http://semarc/title/197274 996 $6260$aFirenze :$bLibreria Salesiana$9(OLS)http://semarc/publisher/33483 LEADER 00862nam a2200181 i 4500 001 000000063971 003 CaOOAMICUS 005 20180727000000.0 008 180727s1950 xx u000 u lat u 013 $a35143 040 $aSeMil$bita 245 10$aQuadragesimale de christiana religione :$bsermones 1.-40. 300 $aLXXI, 567 p., [1] c. di tav. ;$c32 cm. 700 1 $aBernardino : da Siena ,$c.$0(OLS)http://semarc/name/89161 773 0 $aBernardino : da Siena $tS. Bernardini Senensis Ordinis fratrum minorum Opera omnia.$dQuaracchi, Florentiae : Ex Typographia Collegii S. Bonaventurae, 1950-1965.$g1$w()1313 850 $aSeMil 852 $aSeMil$W1$xVenegono$y1$m2N VI 607$j30124$B30124$CSeMilBibl$Z2$F30127 $8I 996 $6245$aQuadragesimale de christiana religione :$bsermones 1.-40$9(OLS)http://semarc/title/101143